[Event "Czech Open-Rapid 2022"]
[Site "Pardubice"]
[Date "2022.07.21"]
[Round "8.11"]
[White "Brozka, Karel"]
[Black "Mladek, Richard"]
[Result "0-1"]
[WhiteElo "2188"]
[BlackElo "2330"]
[Annotator "ChessBase"]
[PlyCount "86"]
[EventDate "2022.07.20"]
[EventType "swiss"]
[EventCountry "CZE"]
[SourceTitle "playchess.com"]
[Source "ChessBase"]
[SourceQuality "1"]

1. d4 d5 2. c4 e6 3. Nc3 c5 4. cxd5 exd5 5. Nf3 Nf6 6. Bg5 Be6 7. e3 c4 8. Be2 Bb4 9. O-O O-O 10. Ne5 Qa5 11. Bxf6 gxf6 12. Ng4 Kg7 13. f4 f5 14. Qe1 f6 15. Nf2 Nc6 16. Nfd1 Kh8 17. Qh4 Be7 18. Rf3 Rf7 19. Rh3 Rg7 20. Bf3 Rd8 21. Bh5 Kg8 22. Rg3 Rxg3 23. Qxg3+ Kh8 24. Qh3 Rg8 25. Bf3 b5 26. e4 dxe4 27. Bxe4 Nxd4 28. Bf3 b4 29. Ne2 Nxf3+ 30. Qxf3 Bd5 31. Qh3 Bxg2 32. Qxg2 Rxg2+ 33. Kxg2 Qd5+ 34. Kg3 Qd3+ 35. Kf2 Bc5+ 36. Ke1 a5 37. Rc1 h5 38. a3 h4 39. axb4 axb4 40. Ra1 Qd5 41. Nf2 Be3 42. Rd1 Bxf2+ 43. Kxf2 Qxd1 0-1

[Event "Czech Open-Rapid 2022"]
[Site "Pardubice"]
[Date "2022.07.21"]
[Round "8.12"]
[White "Seger, Ruediger"]
[Black "Babula, Vlastimil jr"]
[Result "1-0"]
[WhiteElo "2299"]
[BlackElo "2039"]
[Annotator "ChessBase"]
[PlyCount "129"]
[EventDate "2022.07.20"]
[EventType "swiss"]
[EventCountry "CZE"]
[SourceTitle "playchess.com"]
[Source "ChessBase"]
[SourceQuality "1"]

1. e4 c5 2. c3 Nf6 3. e5 Nd5 4. d4 cxd4 5. Nf3 d6 6. cxd4 Nc6 7. Bc4 e6 8. O-O Be7 9. exd6 Qxd6 10. Re1 O-O 11. Nc3 Qd8 12. a3 Bf6 13. Ne4 Be7 14. Qd3 Re8 15. Bd2 Bf8 16. Rac1 Bd7 17. Nc5 Bc8 18. Bb5 a6 19. Nxb7 Bxb7 20. Bxc6 Bxc6 21. Rxc6 Rb8 22. b4 Rb6 23. Rec1 g6 24. g3 Bg7 25. Qc4 Qa8 26. Rc8 Rb8 27. Rxe8+ Rxe8 28. Qc6 Qxc6 29. Rxc6 Ra8 30. Kf1 Kf8 31. Ke2 Ke8 32. Kd3 Kd7 33. Rc5 f6 34. h4 Bf8 35. Rc1 Rc8 36. Rc4 Rxc4 37. Kxc4 Kc6 38. Ne1 Nb6+ 39. Kc3 Kb5 40. Kb3 Kc6 41. Nd3 Kd5 42. Nc5 Bxc5 43. dxc5 Nc8 44. Be3 Na7 45. a4 e5 46. Kc3 f5 47. Kd3 Nc6 48. b5 axb5 49. axb5 Na7 50. b6 Nc6 51. Kc3 Nd8 52. Kb4 Kc6 53. Kc4 Nb7 54. f4 e4 55. Bg1 Na5+ 56. Kd4 Nb7 57. Ke5 Na5 58. Kf6 Nc4 59. Kg7 e3 60. Bxe3 Nxe3 61. Kxh7 Nd5 62. Kxg6 Kxc5 63. h5 Nxb6 64. h6 Nd7 65. Kf7 1-0

[Event "Czech Open-Rapid 2022"]
[Site "Pardubice"]
[Date "2022.07.21"]
[Round "8.13"]
[White "Krak, Tomas"]
[Black "Kraus, Ondrej"]
[Result "1-0"]
[WhiteElo "2312"]
[BlackElo "1993"]
[Annotator "ChessBase"]
[PlyCount "75"]
[EventDate "2022.07.20"]
[EventType "swiss"]
[EventCountry "CZE"]
[SourceTitle "playchess.com"]
[Source "ChessBase"]
[SourceQuality "1"]

1. Nf3 Nf6 2. c4 e6 3. Nc3 c5 4. g3 d5 5. cxd5 Nxd5 6. Bg2 Be7 7. O-O O-O 8. d3 Nxc3 9. bxc3 Nc6 10. Rb1 Bf6 11. Qc2 e5 12. Nd2 Qc7 13. Nc4 Be6 14. Qa4 Rac8 15. f4 e4 16. Bxe4 Bxc3 17. f5 b5 18. Rxb5 Bxc4 19. Qxc4 Nd4 20. Rb7 Qa5 21. e3 Ne2+ 22. Kf2 Nxc1 23. Rxc1 Bb4 24. Rc2 Ba3 25. Bd5 Rc7 26. Qb5 Qxb5 27. Rxb5 Rfc8 28. Rb3 Bb4 29. a3 Ba5 30. Rb5 Bb6 31. a4 Rd7 32. Bc4 Kf8 33. Kf3 Rd6 34. a5 Bd8 35. Rb7 Bxa5 36. Rxf7+ Ke8 37. Rxg7 Rc7 38. Bb5+ 1-0

[Event "Czech Open-Rapid 2022"]
[Site "Pardubice"]
[Date "2022.07.21"]
[Round "8.14"]
[White "Dolensky, Filip"]
[Black "Brejnik, Gustav"]
[Result "1/2-1/2"]
[WhiteElo "2051"]
[BlackElo "2292"]
[Annotator "TA"]
[PlyCount "77"]
[EventDate "2022.07.20"]
[EventType "swiss"]
[EventCountry "CZE"]
[SourceTitle "playchess.com"]
[Source "ChessBase"]
[SourceQuality "1"]

1. e4 c6 2. d4 d5 3. exd5 cxd5 4. Bd3 Nc6 5. c3 Qc7 6. h3 Nf6 7. Nf3 g6 8. Qc2 Bg7 9. O-O O-O 10. Be3 a6 11. Re1 b5 12. Nbd2 Nd7 13. Nb3 e5 14. dxe5 Ndxe5 15. Nxe5 Nxe5 16. Nd4 Nxd3 17. Qxd3 Qc4 18. Qd2 Bd7 19. Nc2 Rfe8 20. Red1 Be6 21. Bd4 Rad8 22. Ne3 Qc6 23. Bxg7 Kxg7 24. Qd4+ Kg8 25. Rd2 Rd6 26. Rad1 a5 27. a3 a4 28. Qb4 Red8 29. Qd4 h5 30. Re1 Kh7 31. Rde2 Kg8 32. f4 Qb6 33. Nc2 Kf8 34. Qxb6 Rxb6 35. Nd4 Bd7 36. Re5 Re8 37. Kf2 Rd6 38. Rxe8+ Bxe8 39. Kf3 1/2-1/2

[Event "Czech Open-Rapid 2022"]
[Site "Pardubice"]
[Date "2022.07.21"]
[Round "8.15"]
[White "Rasik, Vitezslav"]
[Black "Jares, Michal"]
[Result "1-0"]
[WhiteElo "2419"]
[BlackElo "2208"]
[Annotator "ChessBase"]
[PlyCount "95"]
[EventDate "2022.07.20"]
[EventType "swiss"]
[EventCountry "CZE"]
[SourceTitle "playchess.com"]
[Source "ChessBase"]
[SourceQuality "1"]

1. e4 c5 2. Nf3 d6 3. Bb5+ Bd7 4. Bxd7+ Nxd7 5. O-O Ngf6 6. Qe2 e6 7. b3 Be7 8. Bb2 O-O 9. c4 e5 10. Nc3 Re8 11. Ne1 Nf8 12. Nc2 Ne6 13. Ne3 a6 14. d3 Rb8 15. g3 Nd4 16. Qd1 Qd7 17. Ncd5 Nxd5 18. Nxd5 f5 19. Bxd4 exd4 20. exf5 Qxf5 21. f4 b5 22. Qf3 bxc4 23. bxc4 Bf8 24. Rab1 Rxb1 25. Rxb1 Qe6 26. Kf2 Qh3 27. Kg1 Qe6 28. Nc7 Qe3+ 29. Qxe3 Rxe3 30. Rb3 Re1+ 31. Kf2 Rh1 32. Kg2 Rc1 33. Nxa6 Rc2+ 34. Kh3 Rxa2 35. Nc7 Re2 36. Nd5 Rd2 37. g4 Re2 38. Kg3 Re1 39. h4 Rg1+ 40. Kf3 Rh1 41. h5 Rg1 42. Rb7 Re1 43. h6 Rh1 44. g5 Rh2 45. Ke4 Rh3 46. hxg7 Bxg7 47. Ne7+ Kf8 48. Nf5 1-0

[Event "Czech Open-Rapid 2022"]
[Site "Pardubice"]
[Date "2022.07.21"]
[Round "8.16"]
[White "Strebkovs, Andrejs"]
[Black "Bares, Jachym"]
[Result "0-1"]
[WhiteElo "2283"]
[BlackElo "2129"]
[Annotator "ChessBase"]
[PlyCount "170"]
[EventDate "2022.07.20"]
[EventType "swiss"]
[EventCountry "CZE"]
[SourceTitle "playchess.com"]
[Source "ChessBase"]
[SourceQuality "1"]

1. d4 Nf6 2. Nf3 c5 3. c3 d5 4. Bg5 Ne4 5. Bf4 Nc6 6. e3 Bg4 7. Qb3 Na5 8. Qa4+ Bd7 9. Bb5 Nc6 10. Ne5 Nxe5 11. Bxe5 e6 12. f3 Nd6 13. Bxd6 Bxd6 14. Nd2 Qh4+ 15. Ke2 Qe7 16. Nb3 cxd4 17. exd4 Rd8 18. Bxd7+ Rxd7 19. Rae1 O-O 20. Kd1 a6 21. Re2 Rc8 22. Nd2 Rc6 23. a3 b5 24. Qb3 Rdc7 25. Nb1 Qg5 26. Qc2 a5 27. Qd2 Bf4 28. Qd3 b4 29. axb4 axb4 30. g3 Bd6 31. f4 Qd8 32. Rc2 Qb8 33. Ke2 bxc3 34. Nxc3 Qb3 35. Rhc1 Bb4 36. Qb5 g6 37. Kd3 Rc4 38. Ra1 R4c6 39. Qa4 Qc4+ 40. Ke3 Bd6 41. Qa2 Qb4 42. Qa8+ Kg7 43. Qa4 Qb6 44. Qa5 Qxa5 45. Rxa5 Bb4 46. Ra8 Bxc3 47. bxc3 Rxc3+ 48. Rxc3 Rxc3+ 49. Kd2 Rb3 50. Kc2 Rf3 51. Kd2 Rf2+ 52. Ke3 Rxh2 53. Ra7 Rb2 54. Ra4 h5 55. Kf3 Rb3+ 56. Kf2 Rd3 57. Rb4 Kf6 58. Ra4 Kf5 59. Ra7 f6 60. Ra4 Ke4 61. Ra6 Kf5 62. Ra4 g5 63. fxg5 fxg5 64. Rb4 Ke4 65. Rb6 Rf3+ 66. Kg2 Rf6 67. Rb4 e5 68. dxe5+ Kxe5 69. Rb8 Ke4 70. Re8+ Kf5 71. Rd8 Ke5 72. Rh8 h4 73. gxh4 gxh4 74. Rxh4 d4 75. Rh8 Ke4 76. Re8+ Kd3 77. Rd8 Ke3 78. Re8+ Kd2 79. Rd8 d3 80. Rd7 Ke2 81. Re7+ Kd1 82. Rd7 d2 83. Rd8 Rc6 84. Kf2 Kc2 85. Ke2 Re6+ 0-1

[Event "Czech Open-Rapid 2022"]
[Site "Pardubice"]
[Date "2022.07.21"]
[Round "8.17"]
[White "Jurek, Josef"]
[Black "Shystarova, Svitlana"]
[Result "0-1"]
[WhiteElo "2200"]
[BlackElo "1836"]
[Annotator "ChessBase"]
[PlyCount "160"]
[EventDate "2022.07.20"]
[EventType "swiss"]
[EventCountry "CZE"]
[SourceTitle "playchess.com"]
[Source "ChessBase"]
[SourceQuality "1"]

1. Nf3 d5 2. c4 Nf6 3. cxd5 Nxd5 4. d4 g6 5. e4 Nf6 6. Nc3 Bg7 7. h3 O-O 8. Be3 b6 9. Qc2 Bb7 10. Be2 Nbd7 11. O-O Rc8 12. Rad1 e6 13. d5 exd5 14. exd5 Re8 15. Bb5 c6 16. dxc6 Bxc6 17. Bxc6 Rxc6 18. Nd4 Rc4 19. Ndb5 Re6 20. Nxa7 Qa8 21. Nab5 Qa5 22. Qd3 Rec6 23. Nd6 Rb4 24. Qe2 Bf8 25. Bf4 Rxf4 26. Nde4 Nxe4 27. Nxe4 Nf6 28. Nc3 Re6 29. Qd2 Bd6 30. a3 Ne4 31. Nxe4 Rfxe4 32. Qc2 Qe5 33. g3 Qf5 34. Kg2 Rf6 35. Qd3 Kg7 36. Rc1 Bc5 37. Rc2 Rd4 38. Qc3 Rd3 39. Qc4 Qf3+ 40. Kg1 Rd4 41. Qe2 Qxe2 42. Rxe2 Rd3 43. Kg2 h5 44. h4 Rff3 45. Rc1 Rf5 46. Rcc2 Rdf3 47. Red2 Kf6 48. Re2 Kg7 49. Red2 Kf6 50. Re2 Rd3 51. Re4 Rdf3 52. Ree2 Rd3 53. Re4 Kg7 54. Ree2 Bd4 55. Re4 Bc5 56. Ree2 Rdf3 57. Red2 Kf6 58. Re2 Rd3 59. Re4 Re5 60. Rf4+ Kg7 61. b4 Bd6 62. Rc6 Re6 63. Rf3 Rxf3 64. Kxf3 b5 65. Rb6 Rf6+ 66. Ke2 Bxg3 67. Rxf6 Kxf6 68. fxg3 Ke5 69. Ke3 f6 70. Kd3 Kd5 71. Kc3 g5 72. Kd3 gxh4 73. gxh4 f5 74. Ke3 Ke5 75. Kf3 f4 76. Kf2 Ke4 77. Ke2 f3+ 78. Kf2 Kf4 79. a4 bxa4 80. b5 Ke5 0-1

[Event "Czech Open-Rapid 2022"]
[Site "Pardubice"]
[Date "2022.07.21"]
[Round "8.18"]
[White "Ret, Adam Josef"]
[Black "Klimakovs, Sergejs"]
[Result "1-0"]
[WhiteElo "2023"]
[BlackElo "2266"]
[Annotator "TA"]
[PlyCount "195"]
[EventDate "2022.07.20"]
[EventType "swiss"]
[EventCountry "CZE"]
[SourceTitle "playchess.com"]
[Source "ChessBase"]
[SourceQuality "1"]

1. d4 Nf6 2. Nf3 c5 3. e3 d5 4. c4 cxd4 5. exd4 Nc6 6. h3 e6 7. Nc3 Be7 8. Bd3 dxc4 9. Bxc4 O-O 10. O-O Qa5 11. Qe2 Rd8 12. Rd1 Qh5 13. Be3 Nb4 14. Ne5 Qxe2 15. Bxe2 Nbd5 16. Rac1 Bd7 17. Nxd7 Rxd7 18. Bf3 Rad8 19. a3 Kf8 20. Kf1 h6 21. Ke2 Bd6 22. Nxd5 Nxd5 23. Bxd5 exd5 24. Rc3 Ke7 25. Rdc1 Ke6 26. Rc8 h5 27. Kd3 a6 28. a4 g6 29. b3 Kf5 30. R1c2 g5 31. Rc1 g4 32. hxg4+ Kxg4 33. Rxd8 Rxd8 34. Rh1 Rh8 35. Rh3 f6 36. Bd2 b5 37. axb5 axb5 38. Rf3 f5 39. Re3 f4 40. Re6 Bb8 41. Rg6+ Kf5 42. Rb6 h4 43. f3 h3 44. gxh3 Ba7 45. Rxb5 Ke6 46. Bxf4 Rxh3 47. Ke3 Rh7 48. Bb8 Bxb8 49. Rxb8 Ra7 50. Rb6+ Kf5 51. Rd6 Ra5 52. Kd3 Kf4 53. Rf6+ Kg5 54. Rf8 Rb5 55. Kc3 Kg6 56. Rc8 Rb7 57. Rc5 Rd7 58. b4 Kf5 59. Kb3 Ke6 60. b5 Rf7 61. Rc3 Kd6 62. Kb4 Rb7 63. Rc6+ Kd7 64. Rh6 Rb8 65. Kc5 Rf8 66. Rh3 Kc7 67. b6+ Kb7 68. Rh7+ Kc8 69. Kxd5 Rxf3 70. Kc5 Rf1 71. d5 Rg1 72. Kc6 Rc1+ 73. Kd6 Rg1 74. Rc7+ Kb8 75. Rh7 Kc8 76. Kc6 Rc1+ 77. Kd6 Rg1 78. Re7 Rh1 79. Re6 Rh2 80. Ke7 Rh7+ 81. Kf6 Rh5 82. Rd6 Rh6+ 83. Ke5 Rh5+ 84. Kd4 Rh1 85. Rf6 Rh2 86. Kc5 Rh1 87. Kd6 Kb7 88. Ke7 Rh7+ 89. Rf7 Rh8 90. d6 Kxb6 91. Ke6 Re8+ 92. Kd7 Rh8 93. Re7 Kc5 94. Re5+ Kb6 95. Re8 Rh7+ 96. Ke6 Kc6 97. Rc8+ Kb7 98. d7 1-0

[Event "Czech Open-Rapid 2022"]
[Site "Pardubice"]
[Date "2022.07.21"]
[Round "8.19"]
[White "Goroshkov, Maksym"]
[Black "Kovalskyi, Roman"]
[Result "1-0"]
[WhiteElo "2240"]
[BlackElo "2056"]
[Annotator "ChessBase"]
[PlyCount "159"]
[EventDate "2022.07.20"]
[EventType "swiss"]
[EventCountry "CZE"]
[SourceTitle "playchess.com"]
[Source "ChessBase"]
[SourceQuality "1"]

1. e4 c5 2. c3 g6 3. d4 cxd4 4. cxd4 d5 5. exd5 Nf6 6. Nc3 Nxd5 7. Nf3 Bg7 8. Bc4 Nb6 9. Bb3 O-O 10. Be3 Bg4 11. h3 Bxf3 12. Qxf3 Nc6 13. Rd1 Qd7 14. O-O Rad8 15. d5 Ne5 16. Qe4 Nc8 17. Bd4 Qc7 18. Rfe1 Nd7 19. Bxg7 Kxg7 20. Qd4+ Nf6 21. Ne4 Qb6 22. Nxf6 Qxf6 23. Qxf6+ Kxf6 24. Rd3 Rd7 25. Rf3+ Kg7 26. Rfe3 Rfd8 27. g4 Kf8 28. Re5 Nb6 29. Kg2 Nxd5 30. Bxd5 Rxd5 31. Rxe7 R5d7 32. Rxd7 Rxd7 33. Re2 f6 34. Rc2 Ke7 35. Kg3 Rd3+ 36. f3 Rd7 37. h4 f5 38. Rc8 fxg4 39. fxg4 Kf6 40. Rf8+ Kg7 41. Rb8 Kf6 42. Kf3 Ke5 43. Re8+ Kf6 44. Rh8 Kg7 45. Rb8 Kf6 46. Ke4 h6 47. Rf8+ Kg7 48. Rc8 Kf6 49. Rf8+ Kg7 50. Rb8 Kf6 51. b4 Re7+ 52. Kf3 Kg7 53. a4 Kf6 54. a5 a6 55. Rf8+ Kg7 56. Rd8 Kf7 57. Kf4 Kf6 58. Rd6+ Kg7 59. Rb6 Kh7 60. h5 gxh5 61. gxh5 Kg7 62. Kf5 Rc7 63. Ke6 Rf7 64. Rd6 Rf6+ 65. Ke5 Rf7 66. Rg6+ Kh7 67. Re6 Rc7 68. Kf6 Rc4 69. Re7+ Kg8 70. Rxb7 Rc6+ 71. Kf5 Rc4 72. b5 axb5 73. a6 Rc5+ 74. Ke4 Rxh5 75. a7 Rh4+ 76. Kf5 Ra4 77. Rb8+ Kg7 78. a8=Q Rxa8 79. Rxa8 h5 80. Kg5 1-0

[Event "Czech Open-Rapid 2022"]
[Site "Pardubice"]
[Date "2022.07.21"]
[Round "8.20"]
[White "Bouska, Jiri"]
[Black "Sarkar, Justin"]
[Result "1/2-1/2"]
[WhiteElo "2157"]
[BlackElo "2346"]
[Annotator "ChessBase"]
[PlyCount "85"]
[EventDate "2022.07.20"]
[EventType "swiss"]
[EventCountry "CZE"]
[SourceTitle "playchess.com"]
[Source "ChessBase"]
[SourceQuality "1"]

1. e4 e5 2. Nf3 Nc6 3. Bb5 a6 4. Ba4 Be7 5. O-O Nf6 6. Re1 b5 7. Bb3 Bb7 8. c3 d5 9. exd5 Nxd5 10. Nxe5 Nxe5 11. Rxe5 O-O 12. d4 Bf6 13. Re1 Re8 14. Rxe8+ Qxe8 15. Bxd5 Bxd5 16. Nd2 c5 17. Nf1 cxd4 18. cxd4 Qe4 19. Ne3 Bb7 20. d5 Rd8 21. Bd2 Bxb2 22. Rb1 Be5 23. Rb4 Qd3 24. Rb3 Qd4 25. Rb4 Qc5 26. Re4 f6 27. Bb4 Qb6 28. Qb3 Kh8 29. Bc3 Bxc3 30. Qxc3 Qd6 31. Re6 Qd7 32. Re4 Rc8 33. Qd2 Kg8 34. h3 Rc5 35. Rd4 Qd6 36. g3 g6 37. Ng4 h5 38. Ne3 Kf7 39. Qd3 Rc1+ 40. Kg2 Rc5 41. Kg1 Rc1+ 42. Kg2 Rc5 43. Kg1 1/2-1/2

[Event "Czech Open-Rapid 2022"]
[Site "Pardubice"]
[Date "2022.07.21"]
[Round "8.21"]
[White "Pacl, Vaclav"]
[Black "Tichy, Stepan"]
[Result "0-1"]
[WhiteElo "2036"]
[BlackElo "2207"]
[Annotator "ChessBase"]
[PlyCount "96"]
[EventDate "2022.07.20"]
[EventType "swiss"]
[EventCountry "CZE"]
[SourceTitle "playchess.com"]
[Source "ChessBase"]
[SourceQuality "1"]

1. Nf3 d5 2. b3 Bf5 3. Bb2 e6 4. g3 Nf6 5. Bg2 Be7 6. O-O O-O 7. d3 c5 8. e3 Nc6 9. Qe2 h6 10. Nbd2 Bh7 11. a3 Qc7 12. Rfd1 Rad8 13. Rac1 e5 14. c4 d4 15. exd4 exd4 16. Ne4 Rfe8 17. Nfd2 Nxe4 18. Bxe4 Bxe4 19. Qxe4 Bg5 20. Qf5 g6 21. Qh3 Ne5 22. f4 Nxd3 23. fxg5 Nxb2 24. Rf1 hxg5 25. Nf3 f6 26. Rc2 Nd3 27. Rd2 Re3 28. Nxg5 fxg5 29. Rxd3 Qd7 30. Qh6 Qe6 31. Qxg5 Rd6 32. Rdd1 Re2 33. Qf4 Qe3+ 34. Kh1 Qxf4 35. Rxf4 Rde6 36. b4 b6 37. bxc5 bxc5 38. Rdf1 Re1 39. Rf8+ Kg7 40. R8f7+ Kh6 41. Rxe1 Rxe1+ 42. Kg2 Rc1 43. Rxa7 Rxc4 44. a4 d3 45. Kf2 Rc2+ 46. Ke3 c4 47. a5 Re2+ 48. Kd4 d2 0-1

[Event "Czech Open-Rapid 2022"]
[Site "Pardubice"]
[Date "2022.07.21"]
[Round "8.22"]
[White "Aradhya, Garg"]
[Black "Freibergs, Andrejs"]
[Result "1-0"]
[WhiteElo "2229"]
[BlackElo "1574"]
[Annotator "TA"]
[PlyCount "83"]
[EventDate "2022.07.20"]
[EventType "swiss"]
[EventCountry "CZE"]
[SourceTitle "playchess.com"]
[Source "ChessBase"]
[SourceQuality "1"]

1. d4 Nf6 2. c4 g6 3. g3 Bg7 4. Bg2 O-O 5. Nc3 d6 6. Nf3 c6 7. e4 Qa5 8. O-O e5 9. Qc2 Be6 10. d5 cxd5 11. cxd5 Bd7 12. Be3 Na6 13. h3 Rac8 14. a3 Qc7 15. Qe2 Nc5 16. Nd2 a6 17. Rfc1 Na4 18. Nxa4 Qxc1+ 19. Rxc1 Rxc1+ 20. Nf1 Rxf1+ 21. Bxf1 Bxa4 22. Qc4 Bb5 23. Qb4 Bxf1 24. Kxf1 b5 25. Qxd6 Nxe4 26. Qc6 Rd8 27. d6 Nf6 28. Bg5 h6 29. Qc7 Rf8 30. d7 Nxd7 31. Be7 Bf6 32. Qxd7 Bxe7 33. Qxe7 Rb8 34. Qxe5 Rb6 35. g4 Re6 36. Qd4 g5 37. b3 Kf8 38. h4 Ke7 39. Qc5+ Kf6 40. hxg5+ hxg5 41. Qf5+ Ke7 42. Qxg5+ 1-0

[Event "Czech Open-Rapid 2022"]
[Site "Pardubice"]
[Date "2022.07.21"]
[Round "8.23"]
[White "Chubar, Vladimir"]
[Black "Sir, Zbynek"]
[Result "0-1"]
[WhiteElo "1809"]
[BlackElo "2199"]
[Annotator "TA"]
[PlyCount "54"]
[EventDate "2022.07.20"]
[EventType "swiss"]
[EventCountry "CZE"]
[SourceTitle "playchess.com"]
[Source "ChessBase"]
[SourceQuality "1"]

1. d4 c5 2. c3 d5 3. Nf3 Nc6 4. Bf4 cxd4 5. cxd4 Nf6 6. Nc3 Ne4 7. e3 Nxc3 8. bxc3 Qa5 9. Qb3 e6 10. Bd3 Be7 11. O-O O-O 12. Rad1 b6 13. c4 Nb4 14. Ne5 f6 15. a3 Nxd3 16. Nxd3 Qxa3 17. Qxa3 Bxa3 18. cxd5 exd5 19. Ra1 Be7 20. Rfc1 Bf5 21. Rc3 Rfc8 22. Rac1 a5 23. Bg3 Rxc3 24. Rxc3 Bb4 25. Rb3 Bxd3 26. Rxd3 a4 27. Rd1 a3 0-1

[Event "Czech Open-Rapid 2022"]
[Site "Pardubice"]
[Date "2022.07.21"]
[Round "8.24"]
[White "Silar, Lubomir"]
[Black "Kuznecova, Marija"]
[Result "0-1"]
[WhiteElo "1993"]
[BlackElo "1755"]
[Annotator "TA"]
[PlyCount "59"]
[EventDate "2022.07.20"]
[EventType "swiss"]
[EventCountry "CZE"]
[SourceTitle "playchess.com"]
[Source "ChessBase"]
[SourceQuality "1"]

1. d4 Nf6 2. Bg5 g6 3. Bxf6 exf6 4. e3 Bg7 5. Bd3 d5 6. Nf3 O-O 7. Nbd2 Re8 8. O-O f5 9. Rc1 c5 10. dxc5 Bxb2 11. Rb1 Bc3 12. Nb3 Nc6 13. Bb5 Bg7 14. Qd2 a5 15. Rfd1 Be6 16. Nbd4 Qc7 17. Ba4 Nxd4 18. Nxd4 Rec8 19. Nxe6 fxe6 20. Rb5 Bf8 21. Rdb1 Bxc5 22. Rxb7 Qe5 23. Bd7 Rd8 24. Qd3 Kh8 25. Qb5 Bd6 26. g3 Rab8 27. Qxa5 Rxd7 28. Rxb8+ Bxb8 29. Qa6 Rd8 30. Qb7 0-1

[Event "Czech Open-Rapid 2022"]
[Site "Pardubice"]
[Date "2022.07.21"]
[Round "8.25"]
[White "Schatz, Christian"]
[Black "Stocek, Martin"]
[Result "1-0"]
[WhiteElo "2137"]
[BlackElo "1851"]
[Annotator "NA"]
[PlyCount "109"]
[EventDate "2022.07.20"]
[EventType "swiss"]
[EventCountry "CZE"]
[SourceTitle "playchess.com"]
[Source "ChessBase"]
[SourceQuality "1"]

1. Nf3 g6 2. d4 f5 3. g3 Nf6 4. Bg2 Bg7 5. O-O O-O 6. c4 d6 7. Nc3 Nbd7 8. Qc2 e5 9. dxe5 dxe5 10. e4 fxe4 11. Ng5 Nc5 12. Rd1 Qe7 13. Ngxe4 Nfxe4 14. Nxe4 Bf5 15. Be3 Nxe4 16. Bxe4 Rad8 17. Rxd8 Qxd8 18. c5 Bxe4 19. Qxe4 c6 20. Qa4 a6 21. Qb3+ Rf7 22. Rd1 Qe7 23. h4 e4 24. Rd6 Be5 25. Bg5 Qc7 26. Rd1 Kg7 27. Qe3 h5 28. Bd8 Qc8 29. Qxe4 Bxb2 30. Rd6 Qf5 31. Qxf5 Rxf5 32. Rd7+ Rf7 33. Rd2 Ba3 34. Rc2 Rd7 35. Bg5 Rd5 36. Be3 Kf7 37. Rc3 Bb4 38. Rb3 a5 39. a3 Bxc5 40. Rxb7+ Ke6 41. Bxc5 Rxc5 42. Rg7 Kf5 43. Ra7 Ke4 44. Rg7 Kd3 45. Rxg6 Rc3 46. a4 Rc4 47. g4 hxg4 48. h5 Rxa4 49. h6 Ke4 50. h7 Kf3 51. Rf6+ Ke2 52. h8=Q Ra1+ 53. Kg2 c5 54. Re6+ Kd3 55. Qxa1 1-0

[Event "Czech Open-Rapid 2022"]
[Site "Pardubice"]
[Date "2022.07.21"]
[Round "8.26"]
[White "Polak, Benedikt"]
[Black "Maul, Maik"]
[Result "1/2-1/2"]
[WhiteElo "2120"]
[BlackElo "1568"]
[Annotator "NA RC"]
[PlyCount "41"]
[EventDate "2022.07.20"]
[EventType "swiss"]
[EventCountry "CZE"]
[SourceTitle "playchess.com"]
[Source "ChessBase"]
[SourceQuality "1"]

1. c4 e5 2. Nc3 d6 3. d4 exd4 4. Qxd4 Nc6 5. Qd2 Bf5 6. b3 Nf6 7. Bb2 Be7 8. g3 O-O 9. Bg2 Qd7 10. Nf3 Rad8 11. O-O Bh3 12. Nd5 Bxg2 13. Kxg2 Nxd5 14. cxd5 Ne5 15. Rac1 Nxf3 16. exf3 c6 17. Rfe1 Rfe8 18. Rc4 Bf8 19. Rce4 Re7 20. Bxg7 Rxe4 21. Bf6 1/2-1/2

[Event "Czech Open-Rapid 2022"]
[Site "Pardubice"]
[Date "2022.07.21"]
[Round "8.27"]
[White "Postl, Petr"]
[Black "Jonsson, Gauti Pall"]
[Result "0-1"]
[WhiteElo "1900"]
[BlackElo "2071"]
[Annotator "NA RC"]
[PlyCount "92"]
[EventDate "2022.07.20"]
[EventType "swiss"]
[EventCountry "CZE"]
[SourceTitle "playchess.com"]
[Source "ChessBase"]
[SourceQuality "1"]

1. e4 e6 2. d4 d5 3. Nc3 Bb4 4. e5 b6 5. Qg4 Bf8 6. Nd1 Ba6 7. Nf3 Bxf1 8. Kxf1 Qd7 9. a4 Nc6 10. c3 Na5 11. Bg5 Ne7 12. Bxe7 Qxe7 13. Nd2 h5 14. Qe2 g6 15. b4 Nb7 16. Qa6 Nd8 17. a5 Bh6 18. Nb3 O-O 19. Ke2 Qh4 20. f3 Qg5 21. Qd3 Qxg2+ 22. Nf2 Qg5 23. Rhg1 Qf5 24. Qxf5 exf5 25. axb6 cxb6 26. b5 Ne6 27. Nh3 Rfc8 28. Kd3 Rc7 29. Ra3 Rac8 30. Nc1 Kf8 31. Ne2 Ke7 32. Rga1 Ra8 33. Ra6 Rb7 34. f4 Nc7 35. c4 dxc4+ 36. Kxc4 Nxa6 37. Rxa6 Rc8+ 38. Kd3 f6 39. d5 Rc5 40. d6+ Kd7 41. Kd4 fxe5+ 42. fxe5 Bg7 43. Nhf4 Bxe5+ 44. Kd3 Bxf4 45. Nxf4 Rxb5 46. Nxg6 Ra5 0-1

[Event "Czech Open-Rapid 2022"]
[Site "Pardubice"]
[Date "2022.07.21"]
[Round "8.28"]
[White "Tesar, Jan"]
[Black "Sosnik, Sebastian"]
[Result "0-1"]
[WhiteElo "1975"]
[BlackElo "2255"]
[Annotator "TA"]
[PlyCount "54"]
[EventDate "2022.07.20"]
[EventType "swiss"]
[EventCountry "CZE"]
[SourceTitle "playchess.com"]
[Source "ChessBase"]
[SourceQuality "1"]

1. d4 Nf6 2. Nf3 c5 3. e3 g6 4. b3 Bg7 5. Bd3 O-O 6. O-O b6 7. Bb2 Bb7 8. Nbd2 Nc6 9. a3 Rc8 10. Qe2 Rc7 11. Rad1 Qa8 12. c4 cxd4 13. exd4 d5 14. Ne5 Nxe5 15. dxe5 Ne4 16. f3 Nc5 17. Bc2 Rd8 18. b4 Ne6 19. f4 dxc4 20. Nxc4 Rdc8 21. Bb3 Bh6 22. f5 Nf4 23. Rxf4 Bxf4 24. e6 f6 25. Qg4 Rxc4 26. Bxc4 Rxc4 27. Bd4 Be3+ 0-1

[Event "Czech Open-Rapid 2022"]
[Site "Pardubice"]
[Date "2022.07.21"]
[Round "8.29"]
[White "Bertram, Karsten"]
[Black "Chrz, Pavel"]
[Result "1-0"]
[WhiteElo "2062"]
[BlackElo "1986"]
[Annotator "NA"]
[PlyCount "91"]
[EventDate "2022.07.20"]
[EventType "swiss"]
[EventCountry "CZE"]
[SourceTitle "playchess.com"]
[Source "ChessBase"]
[SourceQuality "1"]

1. d4 Nf6 2. Nc3 d5 3. Bf4 g6 4. e3 Bg7 5. h4 h5 6. Nf3 Bg4 7. Qd2 c6 8. Ne5 Nbd7 9. f3 Bf5 10. Be2 Nxe5 11. Bxe5 O-O 12. O-O-O b5 13. Bd3 Bxd3 14. Qxd3 Nd7 15. Bxg7 Kxg7 16. g4 Rh8 17. e4 b4 18. Ne2 hxg4 19. exd5 cxd5 20. h5 Qc7 21. h6+ Kh7 22. fxg4 Nf6 23. Qf3 Rac8 24. c3 Rhf8 25. Kb1 Ne4 26. Rh3 a5 27. Qe3 bxc3 28. Nxc3 Nxc3+ 29. bxc3 Qb6+ 30. Ka1 Rb8 31. Rh2 Rb7 32. Qe5 f6 33. Qxd5 e6 34. Qe4 Rfb8 35. Qc2 a4 36. c4 a3 37. c5 Qc6 38. Qc4 Qe4 39. Rhh1 Qg2 40. Qc3 Rb2 41. Qxa3 Qe4 42. Qa7+ R8b7 43. Qa4 Qd5 44. c6 R7b4 45. Qa7+ Rb7 46. cxb7 1-0

[Event "Czech Open-Rapid 2022"]
[Site "Pardubice"]
[Date "2022.07.21"]
[Round "8.30"]
[White "Valenta, Vit Vaclav"]
[Black "Svoboda, Petr"]
[Result "1-0"]
[WhiteElo "1996"]
[BlackElo "2088"]
[Annotator "NA RC"]
[PlyCount "43"]
[EventDate "2022.07.20"]
[EventType "swiss"]
[EventCountry "CZE"]
[SourceTitle "playchess.com"]
[Source "ChessBase"]
[SourceQuality "1"]

1. b4 e5 2. Bb2 d6 3. d3 Nd7 4. Nf3 g6 5. g3 Bg7 6. Bg2 Ngf6 7. Nbd2 O-O 8. O-O Qe7 9. e4 c6 10. c4 h6 11. Qc2 Kh7 12. a3 b6 13. d4 Bb7 14. Rfe1 Nh5 15. dxe5 Nxe5 16. Nxe5 dxe5 17. Nf1 Rad8 18. Ne3 Kh8 19. a4 f5 20. exf5 g5 21. Ng4 Rf7 22. Nxe5 1-0